[Event "EYCC 2024 - O10"]
[Site "?"]
[Date "2024.08.28"]
[Round "6.9"]
[White "Steinbrenner, Peter"]
[Black "Buklaho, Ignacy"]
[Result "1/2-1/2"]
[BlackElo "1813"]
[WhiteElo "1951"]
[LiveChessVersion "1.4.8"]

1. e4 {[%clk 1:30:58]} c6 {[%clk 1:30:50]} 2. Nf3 {[%clk 1:31:19]} d5
{[%clk 1:31:12]} 3. Nc3 {[%clk 1:31:44]} Bg4 {[%clk 1:31:33]} 4. h3
{[%clk 1:31:53]} Bxf3 {[%clk 1:31:54]} 5. Qxf3 {[%clk 1:32:11]} e6
{[%clk 1:32:14]} 6. d4 {[%clk 1:31:27]} Nd7 {[%clk 1:29:57]} 7. Bd3
{[%clk 1:23:30]} dxe4 {[%clk 1:23:48]} 8. Nxe4 {[%clk 1:19:03]} Ngf6
{[%clk 1:23:14]} 9. O-O {[%clk 1:15:38]} Nxe4 {[%clk 1:21:40]} 10. Qxe4
{[%clk 1:11:11]} Nf6 {[%clk 1:21:47]} 11. Qh4 {[%clk 1:01:49]} Nd5
{[%clk 1:12:31]} 12. Bg5 {[%clk 0:56:18]} Be7 {[%clk 1:11:14]} 13. Bxe7
{[%clk 0:54:04]} Qxe7 {[%clk 1:11:29]} 14. Qxe7+ {[%clk 0:53:05]} Nxe7
{[%clk 1:11:51]} 15. Rad1 {[%clk 0:50:00]} O-O {[%clk 1:11:41]} 16. Rfe1
{[%clk 0:49:50]} Rfd8 {[%clk 1:11:24]} 17. c3 {[%clk 0:47:51]} Rac8
{[%clk 1:10:46]} 18. a3 {[%clk 0:42:49]} g6 {[%clk 1:07:52]} 19. Be4
{[%clk 0:39:10]} Nd5 {[%clk 1:05:25]} 20. Bf3 {[%clk 0:28:37]} Rd7
{[%clk 1:03:57]} 21. g3 {[%clk 0:23:52]} Rcd8 {[%clk 1:03:38]} 22. Kg2
{[%clk 0:22:45]} Nb6 {[%clk 1:03:12]} 23. b3 {[%clk 0:18:18]} Nd5
{[%clk 1:01:29]} 24. Rc1 {[%clk 0:18:09]} 1/2-1/2

[Event "EYCC 2024 - O10"]
[Site "?"]
[Date "2024.08.28"]
[Round "6.10"]
[White "Hummatov, Safa"]
[Black "Fuentes De Nova, Sebastian"]
[Result "1/2-1/2"]
[BlackElo "1896"]
[WhiteElo "1742"]
[LiveChessVersion "1.4.8"]

1. c4 {[%clk 1:30:50]} c6 {[%clk 1:30:52]} 2. g3 {[%clk 1:31:14]} d5
{[%clk 1:31:12]} 3. Bg2 {[%clk 1:31:40]} Nf6 {[%clk 1:31:32]} 4. Qc2
{[%clk 1:32:07]} g6 {[%clk 1:31:39]} 5. Nf3 {[%clk 1:32:27]} Bg7 {[%clk 1:31:58]}
6. O-O {[%clk 1:32:37]} O-O {[%clk 1:32:04]} 7. b3 {[%clk 1:29:17]} Bf5
{[%clk 1:30:35]} 8. d3 {[%clk 1:29:36]} e5 {[%clk 1:26:48]} 9. Bb2
{[%clk 1:17:18]} e4 10. Nd4 {[%clk 1:17:05]} exd3 {[%clk 1:25:02]} 11. exd3
{[%clk 1:17:14]} Be6 {[%clk 1:25:11]} 12. Nxe6 {[%clk 1:17:22]} fxe6
{[%clk 1:25:35]} 13. Nd2 {[%clk 1:14:36]} Nbd7 {[%clk 1:24:41]} 14. Rae1
{[%clk 1:09:27]} Re8 {[%clk 1:24:40]} 15. d4 {[%clk 1:08:42]} Qc7
{[%clk 1:13:59]} 16. Re2 {[%clk 1:05:07]} dxc4 {[%clk 1:09:57]} 17. Nxc4
{[%clk 1:03:40]} b5 {[%clk 0:52:51]} 18. Nd2 {[%clk 0:58:35]} Rac8
{[%clk 0:48:48]} 19. Rfe1 {[%clk 0:51:43]} Kf7 {[%clk 0:47:54]} 20. Nf3
{[%clk 0:48:29]} h6 {[%clk 0:45:04]} 21. Ne5+ {[%clk 0:48:11]} Nxe5
{[%clk 0:44:21]} 22. dxe5 {[%clk 0:47:02]} Nd5 {[%clk 0:44:09]} 23. Be4
{[%clk 0:47:13]} Ne7 {[%clk 0:43:30]} 24. Re3 {[%clk 0:47:33]} Nf5
{[%clk 0:42:43]} 25. Rf3 {[%clk 0:45:35]} Kg8 {[%clk 0:30:12]} 26. g4
{[%clk 0:31:18]} Nh4 {[%clk 0:30:27]} 27. Rc3 {[%clk 0:31:13]} Qxe5
{[%clk 0:27:18]} 28. Rxc6 {[%clk 0:30:50]} Nf3+ {[%clk 0:23:05]} 29. Bxf3
{[%clk 0:30:44]} Qxe1+ {[%clk 0:23:00]} 30. Kg2 {[%clk 0:31:11]} Rxc6
{[%clk 0:21:49]} 31. Qxg6 {[%clk 0:29:53]} Re7 {[%clk 0:21:58]} 32. Bxc6
{[%clk 0:29:25]} e5 {[%clk 0:19:06]} 1/2-1/2

[Event "EYCC 2024 - O10"]
[Site "?"]
[Date "2024.08.28"]
[Round "6.11"]
[White "Torres, Lucas"]
[Black "Koyunoglu, Omer Alp"]
[Result "0-1"]
[BlackElo "1767"]
[WhiteElo "1861"]
[LiveChessVersion "1.4.8"]

1. e4 {[%clk 1:30:57]} e5 {[%clk 1:30:34]} 2. Nf3 {[%clk 1:31:24]} Nc6
{[%clk 1:30:50]} 3. d4 {[%clk 1:31:48]} exd4 {[%clk 1:31:00]} 4. Nxd4
{[%clk 1:32:17]} Bc5 {[%clk 1:29:55]} 5. Nb3 {[%clk 1:32:30]} Bb6
{[%clk 1:30:11]} 6. Qe2 {[%clk 1:32:04]} d6 {[%clk 1:29:22]} 7. Nc3
{[%clk 1:30:33]} Nf6 {[%clk 1:23:54]} 8. Be3 {[%clk 1:25:10]} Bxe3
{[%clk 1:20:51]} 9. Qxe3 {[%clk 1:25:21]} O-O {[%clk 1:18:32]} 10. O-O-O
{[%clk 1:16:48]} a5 {[%clk 1:06:18]} 11. a3 {[%clk 1:16:29]} Qe7 {[%clk 0:52:28]}
12. f3 {[%clk 1:14:38]} Be6 {[%clk 0:50:38]} 13. Nd4 {[%clk 1:13:39]} Nxd4
{[%clk 0:45:59]} 14. Qxd4 {[%clk 1:14:02]} Rfd8 {[%clk 0:45:22]} 15. g4
{[%clk 1:11:13]} c6 {[%clk 0:40:25]} 16. a4 {[%clk 1:03:27]} d5 {[%clk 0:35:19]}
17. e5 {[%clk 0:58:53]} Nd7 {[%clk 0:35:26]} 18. Rg1 {[%clk 0:53:02]} Qb4
{[%clk 0:29:06]} 19. f4 {[%clk 0:44:08]} c5 {[%clk 0:19:18]} 20. Qxb4
{[%clk 0:36:23]} axb4 {[%clk 0:18:03]} 21. Nxd5 {[%clk 0:34:59]} Rxa4
{[%clk 0:17:41]} 22. Kb1 {[%clk 0:32:21]} Rda8 {[%clk 0:16:43]} 23. c4
{[%clk 0:22:47]} bxc3 {[%clk 0:09:06]} 24. Nxc3 {[%clk 0:14:10]} Rxf4
{[%clk 0:09:27]} 25. Bg2 {[%clk 0:09:31]} Nxe5 {[%clk 0:07:37]} 26. Bxb7
{[%clk 0:07:09]} Rb8 {[%clk 0:07:40]} 27. Nd5 {[%clk 0:05:34]} Rxg4
{[%clk 0:05:16]} 28. Rge1 {[%clk 0:02:52]} Ng6 {[%clk 0:02:40]} 29. Nc7
{[%clk 0:01:14]} Bf5+ {[%clk 0:02:30]} 30. Kc1 {[%clk 0:00:39]} Rc4+
{[%clk 0:02:28]} 31. Kd2 {[%clk 0:01:04]} Rd4+ {[%clk 0:02:06]} 32. Kc1
{[%clk 0:01:13]} Rxd1+ {[%clk 0:01:35]} 33. Rxd1 {[%clk 0:00:46]} Rxb7
{[%clk 0:01:26]} 34. Nd5 {[%clk 0:00:46]} h6 {[%clk 0:01:19]} 0-1

[Event "EYCC 2024 - O10"]
[Site "?"]
[Date "2024.08.28"]
[Round "6.12"]
[White "Chkhartishvili, Lazare"]
[Black "Guirado Lara, Pablo"]
[Result "1-0"]
[BlackElo "1815"]
[WhiteElo "1610"]
[LiveChessVersion "1.4.8"]

1. e4 {[%clk 1:30:36]} Nc6 {[%clk 1:30:58]} 2. Nf3 {[%clk 1:30:25]} d5
{[%clk 1:31:24]} 3. exd5 {[%clk 1:30:24]} Qxd5 {[%clk 1:31:53]} 4. Nc3
{[%clk 1:30:14]} Qd6 {[%clk 1:32:15]} 5. d4 {[%clk 1:19:04]} Bg4 {[%clk 1:30:54]}
6. d5 {[%clk 1:17:02]} Bxf3 {[%clk 1:25:49]} 7. gxf3 {[%clk 1:02:11]} Qe5+
{[%clk 1:24:21]} 8. Be3 {[%clk 0:51:56]} Rd8 {[%clk 1:17:29]} 9. f4
{[%clk 0:51:13]} Qf6 {[%clk 1:03:57]} 10. Qg4 {[%clk 0:47:42]} Nb4
{[%clk 1:00:43]} 11. O-O-O {[%clk 0:46:32]} Nh6 {[%clk 0:54:45]} 12. Qg5
{[%clk 0:37:51]} c6 {[%clk 0:43:27]} 13. a3 {[%clk 0:34:17]} Nxd5
{[%clk 0:40:20]} 14. Nxd5 {[%clk 0:34:26]} Rxd5 {[%clk 0:40:37]} 15. Rxd5
{[%clk 0:34:46]} cxd5 {[%clk 0:40:58]} 16. Bb5+ {[%clk 0:35:04]} Kd8
{[%clk 0:41:18]} 17. Qxd5+ {[%clk 0:35:04]} Qd6 {[%clk 0:41:38]} 18. Qxb7
{[%clk 0:35:06]} 1-0

[Event "EYCC 2024 - O10"]
[Site "?"]
[Date "2024.08.28"]
[Round "6.13"]
[White "Zhang, Yiming"]
[Black "Scrimieri, Gabriele"]
[Result "1-0"]
[BlackElo "1720"]
[WhiteElo "1810"]
[LiveChessVersion "1.4.8"]

1. e4 {[%clk 1:30:36]} e5 {[%clk 1:30:59]} 2. Nf3 {[%clk 1:30:59]} Nc6
{[%clk 1:31:24]} 3. Bb5 {[%clk 1:31:17]} Nf6 {[%clk 1:30:54]} 4. d3
{[%clk 1:31:41]} d6 {[%clk 1:30:17]} 5. c3 {[%clk 1:31:10]} Bd7 {[%clk 1:28:11]}
6. O-O {[%clk 1:31:03]} a6 {[%clk 1:27:39]} 7. Ba4 {[%clk 1:31:17]} Be7
{[%clk 1:27:35]} 8. Re1 {[%clk 1:31:01]} h6 {[%clk 1:25:58]} 9. Nbd2
{[%clk 1:29:46]} g5 {[%clk 1:22:36]} 10. d4 {[%clk 1:22:43]} b5 {[%clk 1:21:14]}
11. Bc2 {[%clk 1:20:28]} g4 {[%clk 1:20:47]} 12. dxe5 {[%clk 1:20:06]} dxe5
{[%clk 1:20:11]} 13. Nh4 {[%clk 1:18:47]} Kf8 {[%clk 1:04:09]} 14. Nf5
{[%clk 1:14:10]} Bxf5 {[%clk 1:03:34]} 15. exf5 {[%clk 1:14:35]} Qd6
{[%clk 0:45:18]} 16. Qe2 h5 {[%clk 0:22:13]} 17. Ne4 {[%clk 1:08:06]} Qd7
{[%clk 0:22:28]} 18. Nxf6 {[%clk 1:00:31]} Bxf6 {[%clk 0:20:45]} 19. Be3
{[%clk 1:00:28]} Re8 {[%clk 0:18:52]} 20. Rad1 {[%clk 0:55:41]} Qc8
{[%clk 0:17:55]} 21. a4 {[%clk 0:52:27]} Qb8 {[%clk 0:08:46]} 22. Bd3
{[%clk 0:44:33]} e4 {[%clk 0:08:30]} 23. Bc5+ {[%clk 0:43:44]} Kg7
{[%clk 0:05:48]} 24. Bxe4 {[%clk 0:43:43]} Be5 {[%clk 0:01:12]} 25. Qd2
{[%clk 0:40:51]} Ne7 {[%clk 0:00:44]} 26. Qg5+ {[%clk 0:40:31]} Kh7
{[%clk 0:00:37]} 27. Bxe7 {[%clk 0:40:31]} f6 {[%clk 0:00:33]} 28. Qg6#
{[%clk 0:40:54]} 1-0

[Event "EYCC 2024 - O10"]
[Site "?"]
[Date "2024.08.28"]
[Round "6.14"]
[White "Czech, Emil"]
[Black "Gupta, Akul"]
[Result "1-0"]
[BlackElo "1853"]
[WhiteElo "1588"]
[LiveChessVersion "1.4.8"]

1. e4 {[%clk 1:30:58]} c5 {[%clk 1:30:54]} 2. Nf3 {[%clk 1:31:21]} e6
{[%clk 1:31:16]} 3. d4 {[%clk 1:31:42]} cxd4 {[%clk 1:31:39]} 4. Nxd4
{[%clk 1:32:04]} Nf6 {[%clk 1:32:02]} 5. Nc3 {[%clk 1:28:39]} Nc6
{[%clk 1:30:45]} 6. Be2 {[%clk 1:17:33]} Bb4 {[%clk 1:29:30]} 7. Bf3
{[%clk 1:12:10]} Qa5 {[%clk 1:22:28]} 8. Qd3 {[%clk 1:00:51]} b6 {[%clk 1:07:30]}
9. Nxc6 {[%clk 0:50:58]} dxc6 {[%clk 1:07:51]} 10. Bd2 {[%clk 0:37:56]} Ba6
{[%clk 0:58:04]} 11. Qe3 {[%clk 0:36:45]} O-O-O {[%clk 0:51:40]} 12. O-O-O
{[%clk 0:30:54]} Bc5 {[%clk 0:39:40]} 13. Qg5 {[%clk 0:23:18]} Rhg8
{[%clk 0:36:26]} 14. a3 {[%clk 0:18:11]} h6 {[%clk 0:36:27]} 15. Qg3
{[%clk 0:17:09]} Bxa3 {[%clk 0:31:30]} 16. Nb1 {[%clk 0:10:23]} Bb4
{[%clk 0:31:50]} 17. Bf4 {[%clk 0:09:49]} g5 {[%clk 0:30:26]} 18. Bb8
{[%clk 0:09:46]} b5 {[%clk 0:28:26]} 19. Bxa7 {[%clk 0:08:49]} g4
{[%clk 0:27:24]} 20. Qb8# 1-0

[Event "EYCC 2024 - O10"]
[Site "?"]
[Date "2024.08.28"]
[Round "6.15"]
[White "Pasula, Milos"]
[Black "Lutskiy, Mikhail"]
[Result "1-0"]
[BlackElo "1735"]
[WhiteElo "1974"]
[LiveChessVersion "1.4.8"]

1. Nf3 {[%clk 1:30:37]} d5 {[%clk 1:30:52]} 2. g3 {[%clk 1:30:55]} c6
{[%clk 1:31:11]} 3. Bg2 {[%clk 1:31:14]} Nf6 {[%clk 1:30:42]} 4. O-O
{[%clk 1:31:30]} e6 {[%clk 1:30:02]} 5. c4 {[%clk 1:29:53]} Nbd7 {[%clk 1:28:46]}
6. b3 {[%clk 1:26:28]} b6 {[%clk 1:28:12]} 7. Bb2 {[%clk 1:26:08]} Bb7
{[%clk 1:27:03]} 8. d3 {[%clk 1:24:40]} Bd6 {[%clk 1:26:18]} 9. e4
{[%clk 1:23:05]} Qc7 {[%clk 1:22:40]} 10. exd5 {[%clk 1:23:12]} cxd5
{[%clk 1:22:53]} 11. Nd4 {[%clk 1:21:43]} a6 {[%clk 1:20:45]} 12. cxd5
{[%clk 1:21:47]} Bxd5 {[%clk 1:19:55]} 13. Bxd5 {[%clk 1:22:00]} Nxd5
{[%clk 1:18:47]} 14. Qg4 {[%clk 1:21:53]} Be5 {[%clk 1:13:17]} 15. Nd2
{[%clk 1:12:20]} N7f6 {[%clk 1:08:43]} 16. Qe2 {[%clk 1:03:28]} Bxd4
{[%clk 1:02:26]} 17. Bxd4 {[%clk 1:03:45]} b5 {[%clk 1:00:41]} 18. Rac1
{[%clk 1:02:39]} Qd7 {[%clk 1:00:19]} 19. Bc5 {[%clk 1:02:33]} Rc8
{[%clk 0:58:22]} 20. Ne4 {[%clk 1:01:54]} Nxe4 {[%clk 0:57:38]} 21. dxe4
{[%clk 1:02:09]} Ne7 {[%clk 0:57:05]} 22. Qb2 {[%clk 0:58:20]} O-O
{[%clk 0:55:13]} 23. Qa3 {[%clk 0:58:28]} Rfe8 {[%clk 0:54:53]} 24. Bxe7
{[%clk 0:55:36]} Rxc1 {[%clk 0:53:10]} 25. Rxc1 {[%clk 0:55:59]} Rxe7
{[%clk 0:53:06]} 26. Qxa6 {[%clk 0:56:22]} Re8 {[%clk 0:52:03]} 27. Qc6
{[%clk 0:56:05]} Qe7 {[%clk 0:51:50]} 28. Qxb5 {[%clk 0:56:16]} h6
{[%clk 0:52:07]} 29. Rc7 {[%clk 0:56:25]} Qxc7 {[%clk 0:51:10]} 30. Qxe8+
{[%clk 0:56:49]} Kh7 {[%clk 0:51:34]} 31. Qa4 {[%clk 0:56:07]} Qd6
{[%clk 0:49:48]} 32. Qc4 {[%clk 0:54:58]} Qa3 {[%clk 0:43:35]} 33. b4
{[%clk 0:55:06]} Qa4 {[%clk 0:43:01]} 34. Qb3 {[%clk 0:53:28]} Qc6
{[%clk 0:42:49]} 35. b5 {[%clk 0:53:18]} Qxe4 {[%clk 0:42:09]} 36. b6
{[%clk 0:53:46]} Qb7 {[%clk 0:41:24]} 37. a4 {[%clk 0:53:46]} g5 {[%clk 0:41:26]}
38. a5 {[%clk 0:54:00]} g4 {[%clk 0:41:09]} 39. Qd3+ {[%clk 0:52:43]} f5
{[%clk 0:40:49]} 40. Qc4 {[%clk 0:49:53]} Qf3 {[%clk 0:39:41]} 41. a6
{[%clk 0:50:08]} Qd1+ {[%clk 0:38:56]} 42. Qf1 {[%clk 0:50:31]} Qd6
{[%clk 0:38:50]} 43. b7 {[%clk 0:50:08]} Qb6 {[%clk 0:38:59]} 44. h3
{[%clk 0:49:49]} h5 {[%clk 0:39:09]} 45. hxg4 {[%clk 0:50:13]} hxg4
{[%clk 0:39:04]} 46. Qa1 {[%clk 0:50:21]} f4 {[%clk 0:37:15]} 47. Qe5
{[%clk 0:49:53]} fxg3 {[%clk 0:35:45]} 48. Qxg3 {[%clk 0:50:03]} e5
{[%clk 0:35:45]} 49. Qxe5 {[%clk 0:49:08]} Qb1+ {[%clk 0:35:35]} 50. Kh2
{[%clk 0:48:30]} Qc2 {[%clk 0:34:06]} 51. Qg3 {[%clk 0:48:31]} Kg7
{[%clk 0:33:35]} 52. b8=Q {[%clk 0:48:48]} Qh7+ {[%clk 0:33:43]} 53. Kg2
{[%clk 0:48:42]} Qe4+ {[%clk 0:34:00]} 54. Kg1 {[%clk 0:49:00]} Qe1+
{[%clk 0:34:14]} 55. Kh2 {[%clk 0:49:21]} Qd2 {[%clk 0:34:15]} 56. Qgc7+
{[%clk 0:49:38]} Kg6 {[%clk 0:34:01]} 57. Qbb6+ {[%clk 0:50:00]} Kf5
{[%clk 0:33:23]} 58. Qf7+ {[%clk 0:50:13]} Ke4 {[%clk 0:33:36]} 59. Qbe6+
{[%clk 0:50:09]} Kd3 {[%clk 0:33:51]} 60. Qc4# {[%clk 0:50:35]} 1-0

[Event "EYCC 2024 - O10"]
[Site "?"]
[Date "2024.08.28"]
[Round "6.16"]
[White "Nikitakis, Michail"]
[Black "Dayal, Samar"]
[Result "0-1"]
[BlackElo "1721"]
[WhiteElo "1845"]
[LiveChessVersion "1.4.8"]

1. e4 {[%clk 1:30:56]} c5 {[%clk 1:30:58]} 2. Nf3 {[%clk 1:31:19]} d6
{[%clk 1:31:23]} 3. d4 {[%clk 1:31:44]} cxd4 {[%clk 1:31:49]} 4. Nxd4
{[%clk 1:32:10]} Nf6 {[%clk 1:32:16]} 5. Nc3 {[%clk 1:32:29]} g6 {[%clk 1:32:44]}
6. f3 {[%clk 1:32:52]} Nc6 {[%clk 1:33:08]} 7. Be3 {[%clk 1:33:17]} h5
{[%clk 1:33:34]} 8. Qd2 {[%clk 1:33:35]} Nxd4 {[%clk 1:34:02]} 9. Bxd4
{[%clk 1:33:57]} Bh6 {[%clk 1:34:31]} 10. Qf2 {[%clk 1:34:15]} Qa5
{[%clk 1:34:18]} 11. Bxf6 {[%clk 1:34:03]} exf6 {[%clk 1:34:46]} 12. Bb5+
{[%clk 1:34:13]} Kf8 {[%clk 1:35:11]} 13. Qd4 {[%clk 1:34:19]} Bf4
{[%clk 1:30:47]} 14. b4 {[%clk 0:57:51]} Qa3 {[%clk 1:05:26]} 15. Rd1
{[%clk 0:37:29]} Be5 {[%clk 0:56:57]} 16. Nb1 {[%clk 0:37:12]} Bxd4
{[%clk 0:57:13]} 17. Nxa3 {[%clk 0:37:34]} Bc3+ {[%clk 0:57:41]} 18. Ke2
{[%clk 0:37:40]} a6 {[%clk 0:53:25]} 19. Bc4 {[%clk 0:30:16]} Bxb4
{[%clk 0:53:27]} 20. Nb1 {[%clk 0:30:40]} Be6 {[%clk 0:53:18]} 21. Bxe6
{[%clk 0:29:58]} fxe6 {[%clk 0:53:46]} 22. c3 {[%clk 0:30:09]} Bc5
{[%clk 0:54:12]} 23. Nd2 {[%clk 0:29:42]} Ke7 {[%clk 0:54:39]} 24. Rb1
{[%clk 0:28:23]} b5 {[%clk 0:54:47]} 25. Kd3 {[%clk 0:22:49]} Rab8
{[%clk 0:53:22]} 26. Rb2 {[%clk 0:22:42]} Kd7 {[%clk 0:52:44]} 27. Rhb1
{[%clk 0:21:04]} Kc7 {[%clk 0:51:45]} 28. f4 {[%clk 0:19:12]} d5 {[%clk 0:39:20]}
29. exd5 {[%clk 0:15:24]} exd5 {[%clk 0:39:48]} 30. Nb3 {[%clk 0:15:18]} Bb6
{[%clk 0:35:43]} 31. Re2 {[%clk 0:12:22]} Rhe8 {[%clk 0:35:24]} 32. Rbe1
{[%clk 0:12:11]} Rxe2 {[%clk 0:35:09]} 33. Rxe2 {[%clk 0:12:36]} Kd6
{[%clk 0:28:56]} 34. h3 {[%clk 0:07:11]} Rh8 {[%clk 0:20:22]} 35. g3
{[%clk 0:07:16]} a5 {[%clk 0:18:17]} 36. Nd2 {[%clk 0:07:07]} a4 {[%clk 0:17:51]}
37. Nf3 {[%clk 0:05:44]} Rc8 {[%clk 0:16:54]} 38. Nh4 {[%clk 0:02:53]} Ba5
{[%clk 0:16:37]} 39. Rc2 {[%clk 0:02:56]} g5 {[%clk 0:12:06]} 40. Nf5+
{[%clk 0:03:02]} Kd7 {[%clk 0:12:08]} 41. Nd4 {[%clk 0:02:45]} gxf4
{[%clk 0:11:47]} 42. gxf4 {[%clk 0:02:53]} Rc4 {[%clk 0:10:01]} 43. f5
{[%clk 0:01:57]} Kd6 {[%clk 0:09:10]} 44. Nxb5+ {[%clk 0:01:20]} Ke5
{[%clk 0:09:37]} 45. Nd4 {[%clk 0:00:47]} Bxc3 {[%clk 0:09:42]} 46. Re2+
{[%clk 0:00:32]} Kf4 {[%clk 0:10:09]} 47. Rf2+ {[%clk 0:00:33]} Kg3
{[%clk 0:09:49]} 48. Rf3+ {[%clk 0:00:41]} Kg2 {[%clk 0:10:17]} 49. Rf4
{[%clk 0:00:35]} Rxd4+ {[%clk 0:10:45]} 50. Rxd4 {[%clk 0:00:58]} Bxd4
{[%clk 0:11:11]} 51. Kxd4 {[%clk 0:01:20]} Kxh3 {[%clk 0:11:40]} 52. Kxd5
{[%clk 0:01:29]} Kg4 {[%clk 0:12:08]} 53. Kd4 0-1